000 01071nam a22002537a 4500
999 _c1650
_d1650
003 AR-CdUCM
008 190227b ||||| |||| 00| 0 spa d
020 _a9786124654862
040 _aMUNICIPALIDAD PROVINCIAL DEL CUSCO
_cBIBLIOTECA MUNICIPAL DEL CUSCO
082 _a726.60 /
_bC31
100 _aCarrillo Rosell, Américo
_96142
245 _aLa catedral del Cusco :
_bConceptos conservación restauración /
_cAmerico Carrillo Rosell
260 _aLima :
_bMinisterio de Cultura, Dirección Desconcentrada de Cultura de Cusco, Sub Dirección Desconcentrada de Industrias Culturales y Artes,
_c2013.
300 _a119 paginas ;
_bFotografias.
_c26 cm.
505 _aLa obra materia de conservación -- La materia -- Puesta en valor -- Puesta en valor -- La basílica de la catedral ...
650 _aConservación
_96143
650 _aRestauración
_96144
650 _aEdificios para iglesias católicas
_96145
650 _aArquitectura religiosa
_95651
650 _aCusco
_9772
710 _aMinisterio de cultura
_96146
942 _2ddc
_cLIBROS
945 _aacv